00751nam a22001817a 4500003000900000008004100009040007100050082001900121100002300140245004700163260004100210300002600251440003300277505018900310650002400499650002400523650002200547AR-CdUCM190308b ||||| |||| 00| 0 spa d aMUNICIPALIDAD PROVINCIAL DEL CUSCOcBIBLIOTECA MUNICIPAL DEL CUSCO a869.143 /bP49 aPeza, Juan de Dios aEpopeyas de mi tierra :bBenito Juárez / aMéxico :bEditora nacional,c1908. a274 paginas ;c18 cm. aColección económican561 aContenido :Donde conocí a Juárez -- La enclaustración de las monjas -- Los prisioneros mexicanos en Francia -- El león de las montañas -- Después de la victoria de 1867 ... aLiteratura mexicana aAutores españoles aEnsayos mexicanos